Organic Chemistry (Record no. 315)
[ view plain ]
| 000 -LEADER | |
|---|---|
| fixed length control field | 00825nam a22003017a 4500 |
| 003 - CONTROL NUMBER IDENTIFIER | |
| control field | BUBTL |
| 008 - FIXED-LENGTH DATA ELEMENTS--GENERAL INFORMATION | |
| fixed length control field | 130506b xxu||||| |||| 00| 0 eng d |
| 020 ## - INTERNATIONAL STANDARD BOOK NUMBER | |
| International Standard Book Number | 81-265-1050-1 |
| 024 ## - OTHER STANDARD IDENTIFIER | |
| Terms of availability | available |
| 037 ## - SOURCE OF ACQUISITION | |
| Terms of availability | available |
| 040 ## - CATALOGING SOURCE | |
| Original cataloging agency | MBSTU Library |
| Modifying agency | MBSTU Library |
| 082 ## - DEWEY DECIMAL CLASSIFICATION NUMBER | |
| Edition number | 22 |
| Classification number | 547SOO |
| 100 ## - MAIN ENTRY--PERSONAL NAME | |
| Personal name | Solomons,T. W. Graham |
| 9 (RLIN) | 802 |
| 110 ## - MAIN ENTRY--CORPORATE NAME | |
| Corporate name or jurisdiction name as entry element | Fryhle, Craig B |
| 245 ## - TITLE STATEMENT | |
| Title | Organic Chemistry |
| 250 ## - EDITION STATEMENT | |
| Edition statement | 9th edition |
| 260 ## - PUBLICATION, DISTRIBUTION, ETC. (IMPRINT) | |
| Place of publication, distribution, etc. | New Delhi |
| Name of publisher, distributor, etc. | Wiley-India |
| Date of publication, distribution, etc. | c2008 |
| 300 ## - PHYSICAL DESCRIPTION | |
| Extent | 23.5 cm |
| Other physical details | xxii,1255 page |
| Type of unit | |
| 600 ## - SUBJECT ADDED ENTRY--PERSONAL NAME | |
| Personal name | Organic Chemistry |
| 650 ## - SUBJECT ADDED ENTRY--TOPICAL TERM | |
| Source of heading or term | Organic Chemistry |
| 700 ## - ADDED ENTRY--PERSONAL NAME | |
| Personal name | Solomons,T. W. Graham |
| 9 (RLIN) | 803 |
| 710 ## - ADDED ENTRY--CORPORATE NAME | |
| Corporate name or jurisdiction name as entry element | Fryhle, Craig B |
| 856 ## - ELECTRONIC LOCATION AND ACCESS | |
| Password | 0 |
| Logon | 0 |
| Link text | Download |
| 270 ## - ADDRESS | |
| Address | New Delhi |
| City | New Delhi |
| Country | India |
| 365 ## - TRADE PRICE | |
| Price amount | 952.00 |
| Unit of pricing | 952.00 |
| 942 ## - ADDED ENTRY ELEMENTS (KOHA) | |
| Source of classification or shelving scheme | |
| Koha item type | Books |
| Withdrawn status | Lost status | Source of classification or shelving scheme | Damaged status | Not for loan | Collection code | Permanent location | Current location | Shelving location | Date acquired | Inventory number | Total Checkouts | Full call number | Barcode | Date last seen | Copy number | Price effective from | Koha item type |
|---|---|---|---|---|---|---|---|---|---|---|---|---|---|---|---|---|---|
| Non-fiction | Bangladesh University of Business and Technology Library | Bangladesh University of Business and Technology Library | Mathematics Stacks | 04/07/2013 | 15078 | 547SOO | BUBTL-200315078 | 08/22/2016 | C-1 | 08/22/2016 | Books | ||||||
| Not For Loan | Non-fiction | Bangladesh University of Business and Technology Library | Bangladesh University of Business and Technology Library | Mathematics Stacks | 04/07/2013 | 15076 | 547SOO | BUBTL-200315076 | 08/22/2016 | C-2 | 08/22/2016 | Books | |||||
| Non-fiction | Bangladesh University of Business and Technology Library | Bangladesh University of Business and Technology Library | Mathematics Stacks | 04/07/2013 | 15079 | 547SOO | BUBTL-200315079 | 08/22/2016 | C-3 | 08/22/2016 | Books | ||||||
| Non-fiction | Bangladesh University of Business and Technology Library | Bangladesh University of Business and Technology Library | Mathematics Stacks | 04/07/2013 | 15080 | 547SOO | BUBTL-200315080 | 08/22/2016 | C-4 | 08/22/2016 | Books | ||||||
| Not For Loan | Non-fiction | Bangladesh University of Business and Technology Library | Bangladesh University of Business and Technology Library | Mathematics Stacks | 04/17/2013 | 15168 | 547SOO | BUBTL-200315168 | 08/22/2016 | C-5 | 08/22/2016 | Books | |||||
| Non-fiction | Bangladesh University of Business and Technology Library | Bangladesh University of Business and Technology Library | Mathematics Stacks | 04/07/2013 | 15077 | 547SOO | BUBTL-200315077 | 11/19/2016 | C-6 | 11/19/2016 | Books |
